Tratado de justicia y el derecho (Record no. 135234)
[ view plain ]
| 000 -LEADER | |
|---|---|
| campo de control de longitud fija | 00730nam a2200205 i 4500 |
| 001 - NÚMERO DE CONTROL | |
| campo de control | 135234 |
| 003 - IDENTIFICADOR DE NÚMERO DE CONTROL | |
| campo de control | ES-MaACL |
| 005 - FECHA Y HORA DE LA ÚLTIMA TRANSACCIÓN | |
| campo de control | 20250805063302.0 |
| 007 - CAMPO FIJO DE DESCRIPCIÓN FÍSICA--INFORMACIÓN GENERAL | |
| campo de control de longitud fija | t| |
| 008 - DATOS DE LONGITUD FIJA--INFORMACIÓN GENERAL | |
| campo de control de longitud fija | 070712s1942 sp ||||1| spa d |
| 080 ## - NÚMERO DE LA CLASIFICACIÓN DECIMAL UNIVERSAL | |
| Número de la Clasificación Decimal Universal | 340.114 |
| 100 0# - ENTRADA PRINCIPAL--NOMBRE DE PERSONA | |
| Nombre de persona | Tomás de Aquino, |
| Títulos y otros términos asociados al nombre | Santo |
| 9 (RLIN) | 110514 |
| 245 10 - MENCIÓN DEL TÍTULO | |
| Título | Tratado de justicia y el derecho |
| Resto del título | : (summa theológica 2ª) / |
| Mención de responsabilidad, etc. | Santo Tomas de Aquino ; presentación y comentarios por Joaquín Ruiz-Giménez Cortés. |
| 250 ## - MENCION DE EDICION | |
| Mención de edición | Edición bilingüe en castellano y latín. |
| 260 ## - PUBLICACIÓN, DISTRIBUCIÓN, ETC. | |
| Lugar de publicación, distribución, etc. | Madrid : |
| Nombre del editor, distribuidor, etc. | [Gráf. Administrativa], |
| Fecha de publicación, distribución, etc. | 1942. |
| 300 ## - DESCRIPCIÓN FÍSICA | |
| Extensión | XVIII, 480 p. ; |
| Dimensiones | 26 cm. |
| 700 1# - ENTRADA AGREGADA--NOMBRE PERSONAL | |
| Nombre de persona | Ruiz-Giménez, Joaquín, |
| Fechas asociadas al nombre | 1913-2009 |
| 9 (RLIN) | 100820 |
| 852 ## - LOCALIZACIÓN | |
| Ubicación | ES-MaACL |
| Número de control de estantería | E-3347 |
| Estatus retirado | Estado de pérdida | Estado de daño | No para préstamo | Biblioteca de origen | Biblioteca actual | Ubicación en estantería | Fecha de adquisición | Fuente de adquisición | Total de préstamos | Signatura topográfica completa | Código de barras | Visto por última vez | Precio de reemplazo | Tipo de ítem Koha |
|---|---|---|---|---|---|---|---|---|---|---|---|---|---|---|
| Biblioteca del Ateneo de Madrid | Biblioteca del Ateneo de Madrid | Depósito 2 | 17/01/2008 | E-3347 | 1140754 | 23/02/2023 | 23/02/2023 | Libro impreso |
